Código civil: modificado por la ley n§19.947, publicada el 17 de mayo de 2004, nueva ley de matrimonio civil

Saved in:
Bibliografiske detaljer
Format: Bog
Sprog:spansk
Udgivet: Santiago Jurídica de Chile 2004
Udgivelse:16a. ed
Fag:
Tags: Tilføj Tag
Ingen Tags, Vær først til at tagge denne postø!

MARC

LEADER 00000nam a2200000 a 4500
001 UCK1551
003 CL-VaPUC
008 041119e20040800CL |||||||||||||||||spa|d
020 |a 9561015609 
082 0 4 |a 346.83  |b COD  |2 21 
245 1 0 |a Código civil: modificado por la ley n§19.947, publicada el 17 de mayo de 2004, nueva ley de matrimonio civil 
250 |a 16a. ed 
300 |a 1119 p 
942 |c BK 
945 |d 20041119 00:00:00  |a vberengu 
260 |a Santiago  |b Jurídica de Chile  |c 2004 
500 |a El presente volumen tiene el carácter de no oficial sólo por no contar con el respectivo decreto aprobatorio que se encuentra en trámite. En lo demás, se trata de una edición actualizada, revisada por nuestra Comisión de Códigos y estrictamente conforme a las disposiciones legales publicadas en el Diario Oficial 
500 |a Apéndice actualizado a Julio de 2004 
650 0 |a Derecho civil  |9 255013 
650 0 |a Código civil  |9 256135 
650 7 |a MATRIMONIO  |2 CL-VaPUC  |9 489407 
650 0 |a Contratos  |9 255153 
651 7 |a CHILE  |2 CL-VaPUC  |9 489408 
583 |a last modification  |c 20041119 00:00:00  |k Rodrigo Vera 
999 |c 311462  |d 311460 
952 |0 0  |1 0  |2 ddc  |4 0  |6 346_830000000000000_COD_2004  |7 0  |8 FOND_LRYV  |9 380853  |a BIBDER  |b BIBDER  |d 2019-11-21  |i 4079604  |o 346.83 COD 2004  |p 4079604  |r 2023-01-25  |w 2019-11-21  |y BK_X  |k DER